|
|
|
|
| LEADER |
00000nas a2200000 a 4500 |
| 001 |
ssj0023061 |
| 003 |
WaSeSS |
| 005 |
20200512172242.0 |
| 006 |
m d |
| 007 |
cr n |
| 008 |
810206c19749999mduqr p s 0 a0eng c |
| 010 |
|
|
|a sn 83002824
|z sc 85005213
|
| 016 |
7 |
|
|a 010488925
|2 Uk
|
| 022 |
|
|
|l 0740-2708
|y 0740-2708
|
| 035 |
|
|
|a (WaSeSS)ssj0023061
|
| 037 |
|
|
|b Correctional Education Association, 4380 Forbes Blvd., Lanham, MD 20706
|c $85.00
|
| 040 |
|
|
|a IPL
|b eng
|c IPL
|d NSD
|d NST
|d HUL
|d DLC
|d HUL
|d NST
|d NYG
|d NST
|d NSD
|d DLC
|d NSD
|d SYS
|d CUS
|d OCLCQ
|d UKMGB
|d OCLCQ
|d EYM
|d OCLCF
|d XFH
|d OCLCQ
|d DLC
|d U3G
|d NJR
|d WaSeSS
|
| 042 |
|
|
|a nsdp
|a pcc
|
| 043 |
|
|
|a n-us---
|
| 050 |
0 |
0 |
|a HV8875
|b .J67
|
| 082 |
0 |
0 |
|a 365/.7
|
| 130 |
0 |
|
|a Journal of correctional education (Glen Mills, Pa.)
|
| 210 |
0 |
|
|a J. correct. educ.
|b (1974)
|
| 222 |
|
0 |
|a Journal of correctional education
|b (1974)
|
| 245 |
1 |
0 |
|a Journal of correctional education
|h [electronic resource] :
|b official publication of the Correctional Education Association.
|
| 260 |
|
|
|a Glen Mills, Pa. :
|b Correctional Education Association,
|c [1974]-
|
| 310 |
|
|
|a Quarterly
|
| 362 |
0 |
|
|a Vol. 26, no. 1 (winter 1974)-
|
| 500 |
|
|
|a Imprint varies: Lanham, MD, <Mar. 1996->
|
| 506 |
|
|
|a License restrictions may limit access.
|
| 515 |
|
|
|a Issues for vol. 29, no. 1-<2> lack dates, but published in 1977.
|
| 588 |
|
|
|a Latest issue consulted: Vol. 47, issue 1 (Mar. 1996).
|
| 650 |
|
0 |
|a Prisoners
|x Education
|v Periodicals.
|
| 650 |
|
7 |
|a Prisoners
|x Education.
|2 fast
|0 (OCoLC)fst01077127
|
| 655 |
|
0 |
|a Electronic journals.
|
| 710 |
2 |
|
|a Correctional Education Association (U.S.)
|
| 780 |
0 |
0 |
|t Correctional education
|x 2639-5924
|w (DLC)sc 85005212
|w (OCoLC)5397856
|
| 850 |
|
|
|a DLC
|a AU
|a CaOONL
|a FU
|a KyLoU
|a MH-L
|a MiU
|a N
|a NcRS
|a NjR
|a PBL
|a WaU
|
| 853 |
3 |
3 |
|8 1
|a v.
|b no.
|i (year)
|
| 853 |
2 |
3 |
|8 2
|a v.
|b iss.
|u 4
|v r
|i (year)
|j (month)
|w q
|x 03
|
| 856 |
4 |
0 |
|z Full text available from Research Library: 06/01/2003 to present
|u https://search.proquest.com/publication/41370
|
| 863 |
4 |
1 |
|8 1
|a <26>
|b <4>
|i <1974>
|x provisional
|
| 863 |
4 |
0 |
|8 2
|a <27>-
|i <1976>-
|x provisional
|